Most-Visited Countries by Swedes - Statistics

General Stats
  • This quiz has been taken 53,114 times
    22,092 since last reset
  • The average score is 9 of 10
Answer Stats
# Trips Country % Correct
1,041,000 Finland
98%
1,274,000 Norway
98%
722,000 France
97%
1,212,000 Germany
97%
2,206,000 Spain
97%
663,000 United Kingdom
97%
2,134,000 Denmark
96%
823,000 Italy
96%
1,062,000 Greece
82%
377,000 Turkey
69%
No matching quizzes found
Score Distribution
Percent of People with Each Score
Percentile by Number Answered
Your Score History
You have not taken this quiz since the last reset